India retail market - Think India. Think 'connected' retail 2017 (Record no. 116069)

MARC details
000 -LEADER
fixed length control field 01352cam a22002535a 4500
001 - CONTROL NUMBER
control field L159640
008 - FIXED-LENGTH DATA ELEMENTS--GENERAL INFORMATION
fixed length control field 151103s2015 xxk f 000 0 eng d
035 ## - SYSTEM CONTROL NUMBER
System control number (Sirsi) u159640
041 0# - LANGUAGE CODE
Language code of text/sound track or separate title eng
110 2# - MAIN ENTRY--CORPORATE NAME
Corporate name or jurisdiction name as entry element Knight Frank
9 (RLIN) 1530
245 00 - TITLE STATEMENT
Title India retail market - Think India. Think 'connected' retail 2017
Medium [electronic resource]
260 ## - PUBLICATION, DISTRIBUTION, ETC.
Place of publication, distribution, etc. [S.l.]
Name of publisher, distributor, etc. Knight Frank
Date of publication, distribution, etc. 2017
505 2# - FORMATTED CONTENTS NOTE
Formatted contents note Omni-channel opportunity -- Waves of modern retail in India -- Market sizing: modern retail in India -- Future of retail in India -- Lessons from across the globe -- Case study: Bestseller India -- GAP -- Shoppers Stop -- Woodland -- Hennes & Mauritz -- Pepperfry
520 ## - SUMMARY, ETC.
Summary, etc. Tracks the evolution of India?s modern retail market in the top six cities in India viz. Mumbai, NCR, Bengaluru, Chennai, Hyderabad and Pune. The report also contains case studies on the marketing strategies of some of the leading brands.
650 24 - SUBJECT ADDED ENTRY--TOPICAL TERM
Topical term or geographic name entry element MARKETING STRATEGY
650 24 - SUBJECT ADDED ENTRY--TOPICAL TERM
Topical term or geographic name entry element RETAIL MARKETS
651 #4 - SUBJECT ADDED ENTRY--GEOGRAPHIC NAME
Geographic name India
690 ## - LOCAL SUBJECT ADDED ENTRY--TOPICAL TERM (OCLC, RLIN)
Topical term or geographic name as entry element RETAIL PROPERTY
690 ## - LOCAL SUBJECT ADDED ENTRY--TOPICAL TERM (OCLC, RLIN)
Topical term or geographic name as entry element Commercial property
9 (RLIN) 6227
690 ## - LOCAL SUBJECT ADDED ENTRY--TOPICAL TERM (OCLC, RLIN)
Topical term or geographic name as entry element Investments
9 (RLIN) 6250
710 1# - ADDED ENTRY--CORPORATE NAME
Corporate name or jurisdiction name as entry element Retailers Association of India
856 40 - ELECTRONIC LOCATION AND ACCESS
Uniform Resource Identifier <a href="https://kfcontent.blob.core.windows.net/research/317/documents/en/think-india-think-connected-retail-2017-4441.pdf.">https://kfcontent.blob.core.windows.net/research/317/documents/en/think-india-think-connected-retail-2017-4441.pdf.</a>
Public note View the item free of charge from the www.knightfrank.com
942 ## - ADDED ENTRY ELEMENTS (KOHA)
Suppress in OPAC 0
Holdings
Withdrawn status Lost status Source of classification or shelving scheme Damaged status Not for loan Home library Current library Shelving location Date acquired Total Checkouts Full call number Barcode Date last seen Copy number Price effective from Koha item type
    Dewey Decimal Classification     Virtual Virtual Online 01/12/2017   ONLINE PUBLICATION 159640-2001 06/08/2019 1 06/08/2019 Book